00645nam a2200241 a 4500001001300000003000900013005001700022008004100039020001000080082001600090100001600106245001600122260002700138300000800165500003500173505001000208650002200218700001600240902000800256942000700264952011700271999001500388nice12345678IN_TiNIC20260116012827.0050524s1949 naga grp 000 0 urd  ac10000a891.41bIQB aIqbal, Mohd aNai Tahzeeb aNagpurbDattsonsc1949 a32p aincludes index and biblioraphy2 aIndex aUrdu-Poetry-iqbal1 aIqbal, Mohd bSRS cBK 001040708StackRoom-aHMIbHMId2007-06-19g100.00l0o891.41 IQBp013434r2007-06-19v100.00w2005-05-24yBK c8541d8541